| 000 | 00548nam a2200217Ia 4500 | ||
|---|---|---|---|
| 001 | 12486 | ||
| 003 | GE_BSU | ||
| 008 | 181216s||||||||xx |||||||||||||| ||und|| | ||
| 040 | _cGE_BSU | ||
| 080 | _a63(075.8) | ||
| 100 | _aЖежель,Н.Г. Пантелеева,Е.И. | ||
| 245 | _aАгрохимия | ||
| 245 | _cРед.Г.А.Пенькова | ||
| 260 | _aЛенинград | ||
| 260 | _bКолос | ||
| 260 | _c1972 | ||
| 300 | _a287стр.22см.илл. | ||
| 300 | _eТаблица | ||
| 653 | _aАгрохимия | ||
| 942 | _cBK | ||
| 999 |
_c45660 _d45660 |
||